[Event "Acropolis 2007"]
[Site "Athens"]
[Date "2007.08.20"]
[Round "7.6"]
[White "Macieja, Bartlomiej"]
[Black "Morchiashvili, Bachana"]
[Result "1-0"]
[WhiteElo "2596"]
[BlackElo "2415"]
[Annotator "Michailidis Anastasios"]
[PlyCount "175"]
[EventDate "2007.08.14"]
[Source "Greek Chess Fed"]

1. e4 c6 2. d4 d5 3. e5 Bf5 4. Nc3 e6 5. g4 Bg6 6. Nge2 Nd7 7. h4 h5 8. Nf4 Ne7
9. Nxg6 Nxg6 10. gxh5 Ne7 11. Bg5 Qb6 12. Qd2 Nf5 13. O-O-O f6 14. Bd3 fxg5 15.
Bxf5 exf5 16. Qxg5 Qb4 17. Ne2 Qe7 18. Qg6+ Qf7 19. e6 Qxg6 20. exd7+ Kf7 21.
hxg6+ Kxg6 22. Nf4+ Kf6 23. Rdg1 Rd8 24. Rg6+ Kf7 25. Rg5 Be7 26. Rxf5+ Bf6 27.
h5 Rxd7 28. Ng6 Rh6 29. Re1 Rxg6 30. hxg6+ Kxg6 31. Rf3 Bxd4 32. Rf8 Bf6 33. b3
Kf5 34. Kd2 Kg4 35. Ke2 d4 36. Kf1 Kf3 37. Rd1 c5 38. Re8 Kf4 39. Rd3 b5 40.
Rc8 Rd5 41. a4 bxa4 42. bxa4 Rh5 43. Ke2 Re5+ 44. Kd1 Ke4 45. Rb3 Bh4 46. Rb5
Bxf2 47. Rbxc5 Re6 48. R8c6 Re8 49. Rc8 Re6 50. R8c6 Re8 51. Rg5 Re7 52. Rcg6
d3 53. Rxg7 dxc2+ 54. Kxc2 Rxg7 55. Rxg7 Kd5 56. Rc7 Kd6 57. Rc8 Kd7 58. Rc3
Bb6 59. Kb3 Bc7 60. Kb4 Kc8 61. Rh3 Kb7 62. Rh7 Kb6 63. Rh6+ Kb7 64. Kb5 Bb6
65. Rh7+ Bc7 66. Kc5 a6 67. Rf7 a5 68. Kb5 Kb8 69. Kc6 Be5 70. Kb6 Bd4+ 71.
Kxa5 Be3 72. Ka6 Bd4 73. Rb7+ Kc8 74. Rb3 Bf2 75. Rb2 Be3 76. Re2 Bd4 77. Re4
Bf2 78. Rb4 Be3 79. Rb5 Bf2 80. Ka5 Kc7 81. Kb4 Be1+ 82. Kc5 Bf2+ 83. Kd5 Be3
84. a5 Bf2 85. a6 Bb6 86. Rb1 Be3 87. Rb7+ Kc8 88. Kc6 1-0

[Event "Acropolis 2007"]
[Site "Athens"]
[Date "2007.08.20"]
[Round "7.8"]
[White "Graf, Alexander"]
[Black "Kapnisis, Spyridon"]
[Result "0-1"]
[WhiteElo "2595"]
[BlackElo "2412"]
[Annotator "Michailidis Anastasios"]
[PlyCount "62"]
[EventDate "2007.08.14"]
[Source "Greek Chess Fed"]

1. d4 d5 2. c4 e6 3. Nc3 c6 4. e4 dxe4 5. Nxe4 Bb4+ 6. Bd2 Qxd4 7. Bxb4 Qxe4+
8. Be2 Na6 9. Ba5 f6 10. Nf3 e5 11. O-O Bg4 12. Rc1 Ne7 13. Re1 Qf5 14. Qb3 Qc8
15. h3 Be6 16. Qa3 c5 17. Nd2 O-O 18. f4 Ng6 19. fxe5 Nxe5 20. Bc3 Nb4 21. Bxb4
cxb4 22. Qxb4 Qc7 23. Nf3 Nc6 24. Qc3 Rad8 25. Bd3 Bxh3 26. Be4 Bc8 27. a3 Rfe8
28. b4 Ne5 29. Nxe5 Rxe5 30. Bd5+ Rdxd5 31. cxd5 Qxc3 0-1

[Event "Acropolis 2007"]
[Site "Athens"]
[Date "2007.08.20"]
[Round "7.9"]
[White "Nikolaidis, Ioannis"]
[Black "Chatalbashev, Boris"]
[Result "1/2-1/2"]
[WhiteElo "2525"]
[BlackElo "2573"]
[Annotator "Michailidis Anastasios"]
[PlyCount "78"]
[EventDate "2007.08.14"]
[Source "Greek Chess Fed"]

1. d4 c5 2. d5 g6 3. e4 Bg7 4. Nf3 d6 5. Bc4 Nf6 6. Nc3 O-O 7. O-O Bg4 8. h3
Bxf3 9. Qxf3 Nbd7 10. Be2 e6 11. Qg3 exd5 12. exd5 Re8 13. Bf3 Ne5 14. Be2 Qb6
15. Rb1 a6 16. Bg5 Qb4 17. a3 Qd4 18. Bxf6 Bxf6 19. Rfd1 Qh4 20. Qxh4 Bxh4 21.
g3 Bd8 22. Ne4 Nd7 23. Bf3 Bc7 24. Re1 Kg7 25. Re2 b5 26. Rbe1 Re5 27. Bg4 Nb6
28. f4 Ree8 29. Bf3 Nc4 30. c3 a5 31. Kg2 a4 32. Nxc5 Rxe2+ 33. Rxe2 dxc5 34.
d6 Ra7 35. dxc7 Rxc7 36. Be4 Re7 37. Kf3 Rd7 38. Bc6 Rd3+ 39. Kf2 Nd6 1/2-1/2

[Event "Acropolis 2007"]
[Site "Athens"]
[Date "2007.08.20"]
[Round "7.10"]
[White "Dzagnidze, Nana"]
[Black "Romanishin, Oleg M"]
[Result "1-0"]
[WhiteElo "2404"]
[BlackElo "2546"]
[Annotator "Michailidis Anastasios"]
[PlyCount "135"]
[EventDate "2007.08.14"]
[Source "Greek Chess Fed"]

1. Nf3 d5 2. d4 Nf6 3. c4 dxc4 4. Nc3 Nc6 5. d5 Na5 6. Qa4+ c6 7. b4 b5 8. Qxa5
Qxa5 9. bxa5 b4 10. Nd1 cxd5 11. g3 e6 12. Bg2 Ba6 13. O-O Bd6 14. Bf4 Ke7 15.
Nd4 Rhc8 16. Ne3 Bxf4 17. gxf4 Nh5 18. Bxd5 exd5 19. Nxd5+ Kf8 20. Nxb4 Bb7 21.
a6 Be4 22. f3 Rab8 23. a3 Ba8 24. f5 Nf4 25. Kf2 Rb6 26. Rac1 g6 27. Rc2 gxf5
28. Rfc1 Bd5 29. Nxf5 Be6 30. Ne3 Rb5 31. Nxc4 Rg5 32. Nd6 Rd8 33. Ne4 Rg2+ 34.
Ke3 Nd5+ 35. Nxd5 Rxd5 36. Rc5 Rxh2 37. Rxd5 Bxd5 38. Rc8+ Kg7 39. Nc3 Be6 40.
Rc7 Rh5 41. Rxa7 Rc5 42. Ne4 Ra5 43. a4 h5 44. Re7 Rxa4 45. a7 h4 46. Nc5 Ra3+
47. Kf4 Bc4 48. Re4 Bd5 49. Ra4 Rc3 50. Nd7 Rc2 51. Nb6 Bb7 52. a8=Q Bxa8 53.
Rxa8 Rxe2 54. Nd5 Rd2 55. Nc3 h3 56. Ra1 h2 57. Kg3 f5 58. Rh1 Kg6 59. Nd1 Kg5
60. Nf2 f4+ 61. Kg2 Ra2 62. Rxh2 Rb2 63. Rh8 Ra2 64. Rd8 Rc2 65. Rd5+ Kh4 66.
Rf5 Rc4 67. Ne4 Rc2+ 68. Kf1 1-0

[Event "Acropolis 2007"]
[Site "Athens"]
[Date "2007.08.20"]
[Round "7.11"]
[White "Dembo, Yelena"]
[Black "Parligras, Mircea"]
[Result "0-1"]
[WhiteElo "2464"]
[BlackElo "2542"]
[Annotator "Michailidis Anastasios"]
[PlyCount "60"]
[EventDate "2007.08.14"]
[Source "Greek Chess Fed"]

1. e4 c5 2. Nf3 d6 3. d4 cxd4 4. Nxd4 Nf6 5. Nc3 a6 6. Bc4 e6 7. Bb3 Nc6 8. Be3
Na5 9. O-O b5 10. f4 Qc7 11. f5 Nxb3 12. cxb3 b4 13. Na4 e5 14. Nc2 Rb8 15. a3
a5 16. Re1 Nxe4 17. Bb6 Rxb6 18. Rxe4 Bxf5 19. Rc4 Rc6 20. axb4 Rxc4 21. bxc4
Bxc2 22. Qxc2 axb4 23. Qf2 Be7 24. Rc1 Bg5 25. Re1 Qxc4 26. Nb6 Qc6 27. Rd1 O-O
28. Nd5 b3 29. Qf3 Qc2 30. Rf1 Qxb2 0-1

[Event "Acropolis 2007"]
[Site "Athens"]
[Date "2007.08.20"]
[Round "7.12"]
[White "Zawadzka, Jolanta"]
[Black "Mastrovasilis, Dimitrios"]
[Result "1/2-1/2"]
[WhiteElo "2354"]
[BlackElo "2541"]
[Annotator "Michailidis Anastasios"]
[PlyCount "23"]
[EventDate "2007.08.14"]
[Source "Greek Chess Fed"]

1. e4 Nc6 2. Nf3 e5 3. d4 exd4 4. Nxd4 Nf6 5. Nxc6 bxc6 6. e5 Qe7 7. Qe2 Nd5 8.
c4 Ba6 9. Qe4 Nf6 10. Qe2 Nd5 11. Qe4 Nf6 12. Qe2 1/2-1/2

[Event "Acropolis 2007"]
[Site "Athens"]
[Date "2007.08.20"]
[Round "7.14"]
[White "Mastrovasilis, Athanasios"]
[Black "Nikolaou, Georgios"]
[Result "1-0"]
[WhiteElo "2538"]
[BlackElo "2257"]
[Annotator "Michailidis Anastasios"]
[PlyCount "99"]
[EventDate "2007.08.14"]
[Source "Greek Chess Fed"]

1. d4 Nf6 2. c4 c5 3. d5 g6 4. Nc3 Bg7 5. e4 d6 6. Nf3 O-O 7. h3 e6 8. Bd3 Na6
9. O-O Nc7 10. Re1 h6 11. Bf4 e5 12. Be3 Bd7 13. Rb1 a5 14. Kh2 Rb8 15. a3 Na6
16. Rg1 Nh5 17. Qc1 f5 18. Bxh6 f4 19. Bg5 Bf6 20. Bxf6 Qxf6 21. Rh1 Kf7 22.
Kg1 g5 23. Be2 Qg6 24. Qd1 Nf6 25. Nh2 Rh8 26. Ng4 Rh4 27. g3 Rh7 28. Nxf6 Kxf6
29. Bg4 Qf7 30. Bxd7 Qxd7 31. Qg4 Qxg4 32. hxg4 Rxh1+ 33. Kxh1 Nc7 34. b4 axb4
35. axb4 cxb4 36. Rxb4 fxg3 37. fxg3 Ke7 38. Rb6 Na8 39. Rb2 Nc7 40. Rh2 Rf8
41. Kg2 Rf7 42. Rh5 Rg7 43. Nd1 Ne8 44. Ne3 Kd8 45. Nf5 Rc7 46. Rxg5 Rxc4 47.
Rg8 Kd7 48. g5 b5 49. g6 b4 50. g7 1-0

[Event "Acropolis 2007"]
[Site "Athens"]
[Date "2007.08.20"]
[Round "7.16"]
[White "Managadze, Nikoloz"]
[Black "Atakisi, Umut"]
[Result "1/2-1/2"]
[WhiteElo "2433"]
[BlackElo "2383"]
[Annotator "Michailidis Anastasios"]
[PlyCount "103"]
[EventDate "2007.08.14"]
[Source "Greek Chess Fed"]

1. Nf3 d5 2. b3 Bg4 3. Bb2 Nd7 4. e3 Ngf6 5. Be2 e6 6. h3 Bh5 7. c4 c6 8. O-O
Bd6 9. d3 O-O 10. Nbd2 Qe7 11. a3 a5 12. Re1 e5 13. cxd5 cxd5 14. e4 dxe4 15.
dxe4 Rfd8 16. Nh4 Bxe2 17. Qxe2 g6 18. Nhf3 Nc5 19. Nc4 Nxb3 20. Nxd6 Rxd6 21.
Bxe5 Re6 22. Rab1 a4 23. Bb2 Nxe4 24. Qb5 Qc5 25. Qxb7 Qxf2+ 26. Kh1 Qa7 27.
Qd5 Qa5 28. Qc4 Rae8 29. Kh2 Nbd2 30. Nxd2 Qxd2 31. Bd4 Qf4+ 32. Kg1 Ng5 33.
Rf1 Nxh3+ 34. gxh3 Qg3+ 35. Kh1 Qxh3+ 36. Kg1 Qg3+ 37. Kh1 Qh4+ 38. Kg1 Qg4+
39. Kh1 Qh5+ 40. Kg1 Qg4+ 41. Kh1 Rd8 42. Rb4 g5 43. Bf6 Qh3+ 44. Kg1 Qg3+ 45.
Kh1 Qh3+ 46. Kg1 Qg3+ 47. Kh1 Rxf6 48. Rxf6 Rd1+ 49. Rf1 Qh3+ 50. Kg1 Qg3+ 51.
Kh1 Qf3+ 52. Kg1 1/2-1/2

[Event "Acropolis 2007"]
[Site "Athens"]
[Date "2007.08.20"]
[Round "7.17"]
[White "Erdogdu, Mert"]
[Black "Pavlidis, Anastasios"]
[Result "1-0"]
[WhiteElo "2423"]
[BlackElo "2182"]
[Annotator "Michailidis Anastasios"]
[PlyCount "63"]
[EventDate "2007.08.14"]
[Source "Greek Chess Fed"]

1. e4 c5 2. Nf3 d6 3. d4 Nf6 4. Nc3 cxd4 5. Nxd4 g6 6. Be3 Bg7 7. f3 O-O 8. Qd2
Nc6 9. Bc4 Bd7 10. h4 h5 11. O-O-O Ne5 12. Bb3 Rc8 13. Bg5 Rc5 14. Kb1 Re8 15.
Bh6 Bh8 16. g4 Nc4 17. Qd3 b5 18. gxh5 Nxh5 19. Rdg1 e6 20. Bc1 Qf6 21. Nde2 b4
22. Bxc4 bxc3 23. b3 d5 24. exd5 exd5 25. Bxd5 Rxd5 26. Qxd5 Bf5 27. Nd4 Qxd4
28. Qxf5 Bg7 29. Qb5 Rd8 30. Re1 Rd7 31. Re3 Ng3 32. Qb8+ 1-0

[Event "Acropolis 2007"]
[Site "Athens"]
[Date "2007.08.20"]
[Round "7.18"]
[White "Burtasova, Anna"]
[Black "Haznedaroglu, Kivanc"]
[Result "0-1"]
[WhiteElo "2337"]
[BlackElo "2440"]
[Annotator "Michailidis Anastasios"]
[PlyCount "186"]
[EventDate "2007.08.14"]
[Source "Greek Chess Fed"]

1. e4 e6 2. d4 d5 3. e5 c5 4. c3 Nc6 5. Nf3 Nge7 6. Bd3 Qb6 7. O-O cxd4 8. cxd4
Nf5 9. Bxf5 exf5 10. Nc3 Be6 11. Qa4 Be7 12. Qb5 Qxb5 13. Nxb5 Kd7 14. Bg5 Bf8
15. h4 a6 16. Nc3 h6 17. Be3 b6 18. Na4 Kc7 19. Rac1 Kb7 20. Rc3 Bb4 21. Rc2
Rhc8 22. Rfc1 Be7 23. g3 Rc7 24. Ne1 Rac8 25. Nd3 Bd7 26. e6 Bxe6 27. Bf4 Rd7
28. Rxc6 Rxc6 29. Rxc6 Kxc6 30. Ne5+ Kb7 31. Nxd7 Bxd7 32. Nc3 Kc6 33. Be5 f6
34. Bf4 b5 35. Bd2 b4 36. Ne2 Kb5 37. b3 f4 38. Bxf4 Bf5 39. Nc1 a5 40. Kf1 g5
41. Be3 Kc6 42. Ke2 Kd7 43. Nd3 Ke8 44. f3 h5 45. Nc5 Bc8 46. Bc1 Kf7 47. a3
bxa3 48. Bxa3 gxh4 49. gxh4 f5 50. f4 Bxh4 51. Bc1 Bf6 52. Bb2 Ke7 53. Ke3 Kd6
54. Bc3 Bd8 55. Nd3 Kc6 56. Ne5+ Kb5 57. Be1 Bc7 58. Nd3 Be6 59. Bh4 Bf7 60.
Kf3 Be8 61. Ke3 Kb6 62. Nc5 Bd6 63. Bd8+ Kb5 64. Nd3 Ba3 65. Bh4 Ka6 66. Nc5+
Ka7 67. Be1 Kb6 68. Nd3 Bb5 69. Ne5 Bc1+ 70. Kf3 Bf1 71. Nd7+ Kc6 72. Ne5+ Kb5
73. Nd7 Bd3 74. Bh4 Bd2 75. Be7 Be4+ 76. Kg3 Be1+ 77. Kh3 Bc2 78. Nc5 Bd1 79.
Bd6 Bf2 80. Be5 Be2 81. Kg2 Be3 82. Ne6 Kb4 83. Nc7 Kxb3 84. Nxd5 Bd2 85. Nc7
Kc4 86. d5 Kc5 87. d6 Kc6 88. Nd5 Bd3 89. Kf3 Be4+ 90. Ke2 Bxd5 91. Kxd2 h4 92.
Bd4 h3 93. Bg1 a4 0-1

[Event "Acropolis 2007"]
[Site "Athens"]
[Date "2007.08.20"]
[Round "7.19"]
[White "Can, Emre"]
[Black "Chigladze, Iveri"]
[Result "1/2-1/2"]
[WhiteElo "2411"]
[BlackElo "2341"]
[Annotator "Michailidis Anastasios"]
[PlyCount "113"]
[EventDate "2007.08.14"]
[Source "Greek Chess Fed"]

1. e4 Nf6 2. e5 Nd5 3. d4 d6 4. c4 Nb6 5. exd6 exd6 6. Nc3 g6 7. Nf3 Bg7 8.
Qe2+ Qe7 9. Qxe7+ Kxe7 10. c5 dxc5 11. dxc5 Bxc3+ 12. bxc3 Na4 13. Bf4 Nxc5 14.
Bxc7 Be6 15. Rd1 Nbd7 16. Bb5 a6 17. Bxd7 Nxd7 18. O-O Bxa2 19. Rfe1+ Be6 20.
Ng5 Rac8 21. Bd6+ Kf6 22. Bf4 Bf5 23. Rd6+ Kg7 24. g4 Bxg4 25. Re7 Rhf8 26.
Rdxd7 Bxd7 27. Rxd7 Kg8 28. Ne4 Rc6 29. Bd6 Ra8 30. Nf6+ Kg7 31. Ng4 g5 32. Ne5
Rxd6 33. Rxd6 a5 34. Nc4 b5 35. Ne3 a4 36. Rd2 Kf6 37. Rb2 Rb8 38. Kf1 Ke5 39.
Ke2 f5 40. Nc2 Kd5 41. Kd3 Kc5 42. Nd4 b4 43. cxb4+ Rxb4 44. Ne6+ Kb5 45. Nd4+
Kc5 46. Ne6+ Kb5 47. Kc3 Rxb2 48. Kxb2 g4 49. Nd4+ Kc4 50. Nxf5 Kd3 51. Nh6 Ke2
52. Nxg4 Kf3 53. h3 h5 54. Nf6 Kxf2 55. Nxh5 Kg2 56. Ka3 Kxh3 57. Kxa4 1/2-1/2

[Event "Acropolis 2007"]
[Site "Athens"]
[Date "2007.08.20"]
[Round "7.20"]
[White "Pountzas, Hrisanthos"]
[Black "Krivoborodov, Egor"]
[Result "0-1"]
[WhiteElo "2238"]
[BlackElo "2403"]
[Annotator "Michailidis Anastasios"]
[PlyCount "54"]
[EventDate "2007.08.14"]
[Source "Greek Chess Fed"]

1. c4 e5 2. Nc3 Nf6 3. Nf3 Nc6 4. e3 Bb4 5. Qc2 Bxc3 6. Qxc3 Qe7 7. d3 d5 8.
cxd5 Nxd5 9. Qb3 Be6 10. Qxb7 Qb4+ 11. Qxb4 Ndxb4 12. Kd2 Nxa2 13. d4 Rb8 14.
Nxe5 Nxe5 15. dxe5 O-O 16. Bd3 Rfd8 17. Ke2 c5 18. Bb1 Nxc1+ 19. Rxc1 Rxb2+ 20.
Rc2 Rb5 21. f3 g6 22. Rc1 Rb2+ 23. Rc2 Rdb8 24. Rxb2 Rxb2+ 25. Kd3 Rxg2 26.
Rxa7 Rxh2 27. e4 g5 0-1

[Event "Acropolis 2007"]
[Site "Athens"]
[Date "2007.08.20"]
[Round "7.21"]
[White "Erturan, Yakup"]
[Black "Goritsas, Christos"]
[Result "1-0"]
[WhiteElo "2389"]
[BlackElo "2327"]
[Annotator "Michailidis Anastasios"]
[PlyCount "77"]
[EventDate "2007.08.14"]
[Source "Greek Chess Fed"]

1. e4 e5 2. Nf3 d6 3. d4 exd4 4. Nxd4 Nf6 5. Bd3 g6 6. c4 Bg7 7. O-O O-O 8. Nc3
Re8 9. Bg5 h6 10. Bh4 c6 11. Bc2 Nbd7 12. Nf3 Ne5 13. Nxe5 dxe5 14. Qe2 Qc7 15.
b4 Nd7 16. Ba4 Nf8 17. Rac1 g5 18. Bg3 Qe7 19. b5 Bd7 20. f3 Ne6 21. Bf2 Nd4
22. Qd3 Qb4 23. bxc6 bxc6 24. Bb3 Be6 25. Ne2 Nxe2+ 26. Qxe2 Bf8 27. Qe3 Red8
28. Rc3 Bc5 29. Qxc5 Qxc3 30. h4 g4 31. fxg4 Bxg4 32. Qxc6 Be6 33. c5 Bxb3 34.
axb3 Qxb3 35. Qxh6 Qe6 36. Qg5+ Kh8 37. Be3 Rg8 38. Qh5+ Kg7 39. Rxf7+ 1-0

[Event "Acropolis 2007"]
[Site "Athens"]
[Date "2007.08.20"]
[Round "7.22"]
[White "Melia, Salome"]
[Black "Gogolis, Alexandros"]
[Result "1-0"]
[WhiteElo "2372"]
[BlackElo "2289"]
[Annotator "Michailidis Anastasios"]
[PlyCount "21"]
[EventDate "2007.08.14"]
[Source "Greek Chess Fed"]

1. e4 e6 2. d4 d5 3. Nd2 dxe4 4. Nxe4 Bd7 5. Nf3 Bc6 6. Neg5 Be7 7. Bd3 Nf6 8.
Ne5 O-O 9. c3 Nbd7 10. Qc2 h6 11. Bh7+ 1-0

[Event "Acropolis 2007"]
[Site "Athens"]
[Date "2007.08.20"]
[Round "7.24"]
[White "Karagiannis, Athanasios"]
[Black "Filippas, Sebastian"]
[Result "1-0"]
[WhiteElo "2349"]
[BlackElo "2145"]
[Annotator "Michailidis Anastasios"]
[PlyCount "87"]
[EventDate "2007.08.14"]
[Source "Greek Chess Fed"]

1. d4 Nf6 2. Nf3 g6 3. g3 Bg7 4. Bg2 O-O 5. O-O d5 6. c4 dxc4 7. Na3 Nc6 8.
Nxc4 Be6 9. b3 Bd5 10. e3 a5 11. Nb2 Qc8 12. Nd3 Rd8 13. Bb2 b6 14. Rc1 Qb7 15.
Qe2 Nb4 16. Nf4 Nxa2 17. Nxd5 Nxd5 18. Rc4 e6 19. e4 Ne7 20. d5 Bxb2 21. Qxb2
exd5 22. exd5 Nb4 23. Ng5 Nexd5 24. Nxh7 Rd6 25. Ng5 c6 26. Rh4 f6 27. Ne4 Re6
28. Bh3 Rae8 29. Bxe6+ Rxe6 30. Qd2 Qg7 31. Re1 Kf7 32. Nc3 Rxe1+ 33. Qxe1 g5
34. Rh3 g4 35. Rh5 Nxc3 36. Qxc3 Qg6 37. Qc4+ Kg7 38. Rh4 Qb1+ 39. Kg2 f5 40.
Qd4+ Kg6 41. Qd6+ Kg7 42. Qe7+ Kg6 43. Qh7+ Kf6 44. Rxg4 1-0

[Event "Acropolis 2007"]
[Site "Athens"]
[Date "2007.08.20"]
[Round "7.25"]
[White "Goumas, Georgios"]
[Black "Georgiadis, Ioannis"]
[Result "1-0"]
[WhiteElo "2183"]
[BlackElo "2413"]
[Annotator "Michailidis Anastasios"]
[PlyCount "59"]
[EventDate "2007.08.14"]
[Source "Greek Chess Fed"]

1. e4 e5 2. Nf3 Nc6 3. Bb5 a6 4. Ba4 Nf6 5. O-O Be7 6. Re1 b5 7. Bb3 O-O 8. h3
d6 9. c3 Rb8 10. d4 exd4 11. cxd4 d5 12. e5 Ne4 13. Nbd2 Bf5 14. Bc2 Nb4 15.
Bxe4 dxe4 16. Nxe4 Bxe4 17. Rxe4 Qd5 18. Qe2 Nxa2 19. Rg4 Rb6 20. Bg5 f5 21.
exf6 Bxf6 22. Bxf6 Rbxf6 23. Qe7 R8f7 24. Qa3 h5 25. Rg3 h4 26. Rg4 Rxf3 27.
gxf3 Nb4 28. Qxb4 Qxf3 29. Rg2 Qxh3 30. d5 1-0

[Event "Acropolis 2007"]
[Site "Athens"]
[Date "2007.08.20"]
[Round "7.27"]
[White "Kadimova, Ilaha"]
[Black "Seretakis, Nikolas"]
[Result "1/2-1/2"]
[WhiteElo "2316"]
[BlackElo "2233"]
[Annotator "Michailidis Anastasios"]
[PlyCount "78"]
[EventDate "2007.08.14"]
[Source "Greek Chess Fed"]

1. d4 Nf6 2. c4 e6 3. Nc3 Bb4 4. Qc2 O-O 5. a3 Bxc3+ 6. Qxc3 b6 7. Bg5 Ba6 8.
Qf3 Nc6 9. e3 h6 10. Bh4 Na5 11. Rc1 Bb7 12. Qd1 c5 13. Nf3 cxd4 14. b4 Nc6 15.
exd4 d5 16. c5 bxc5 17. Rxc5 g5 18. Bg3 Ne4 19. Rc1 f5 20. Be5 g4 21. Bb5 Rc8
22. Bxc6 Rxc6 23. Rxc6 Bxc6 24. Nd2 Qg5 25. Nxe4 dxe4 26. h4 Qh5 27. Qc1 Bb5
28. Qc5 a6 29. g3 Qf7 30. Kd2 Qb7 31. Rc1 e3+ 32. fxe3 Qg2+ 33. Kc3 Qa2 34. Rc2
Qxa3+ 35. Kd2 Qd3+ 36. Kc1 Qa3+ 37. Kd2 Qd3+ 38. Kc1 Qa3+ 39. Kd2 Qd3+ 1/2-1/2

[Event "Acropolis 2007"]
[Site "Athens"]
[Date "2007.08.20"]
[Round "7.29"]
[White "Logothetis, Sotirios"]
[Black "Makka, Evanthia"]
[Result "1-0"]
[WhiteElo "2300"]
[BlackElo "2107"]
[Annotator "Michailidis Anastasios"]
[PlyCount "55"]
[EventDate "2007.08.14"]
[Source "Greek Chess Fed"]

1. d4 d5 2. c4 e6 3. Nc3 Be7 4. cxd5 exd5 5. Bf4 Nf6 6. e3 c6 7. Bd3 Nbd7 8.
Qc2 Nf8 9. h3 Ng6 10. Bh2 O-O 11. Nf3 Re8 12. O-O Bd6 13. Bxd6 Qxd6 14. Rab1 b6
15. b4 Bb7 16. a4 Rac8 17. Rfc1 Rc7 18. Nb5 Qd8 19. Nxc7 Qxc7 20. b5 c5 21.
dxc5 Ne5 22. Nxe5 Qxe5 23. cxb6 d4 24. Qc5 Bd5 25. Qxd4 Qg5 26. e4 Nxe4 27.
Bxe4 Bxe4 28. Qxe4 1-0

[Event "Acropolis 2007"]
[Site "Athens"]
[Date "2007.08.20"]
[Round "7.31"]
[White "Ikonomopoulou, Maria"]
[Black "Skalkotas, Nikolaos"]
[Result "0-1"]
[WhiteElo "2029"]
[BlackElo "2275"]
[Annotator "Michailidis Anastasios"]
[PlyCount "122"]
[EventDate "2007.08.14"]
[Source "Greek Chess Fed"]

1. e4 c6 2. d4 d5 3. exd5 cxd5 4. c4 Nf6 5. Nc3 e6 6. Nf3 Be7 7. cxd5 Nxd5 8.
Bd3 Nc6 9. O-O O-O 10. Re1 Nf6 11. Bg5 Nb4 12. Bb1 b6 13. a3 Nbd5 14. Ne5 Bb7
15. Qd3 g6 16. Bh6 Re8 17. Qh3 Bf8 18. Bg5 Qc7 19. Nxd5 Nxd5 20. Rc1 Qd6 21.
Nxf7 Nf4 22. Qg4 Kxf7 23. Qxf4+ Qxf4 24. Bxf4 Rac8 25. Ba2 Bd5 26. Bxd5 exd5
27. Be5 h5 28. b4 b5 29. f4 a6 30. Kf2 Rc4 31. Rxc4 bxc4 32. Ke2 Re7 33. Kd2
Rb7 34. Kc2 Ke6 35. g3 Kf5 36. h3 Ke4 37. Rf1 Ke3 38. f5 Ke2 39. Rd1 gxf5 40.
Rd2+ Kf3 41. Rd1 Kg2 42. h4 Bh6 43. Rb1 Be3 44. a4 Bf2 45. b5 a5 46. b6 Bxg3
47. Bxg3 Kxg3 48. Kd2 Kf3 49. Re1 Rxb6 50. Re5 Rd6 51. Rxf5+ Ke4 52. Rxh5 Rg6
53. Re5+ Kxd4 54. Re2 Rh6 55. Rh2 Rh5 56. Rh3 Kc5 57. Ke3 d4+ 58. Kf4 c3 59.
Kg4 Rh8 60. Rh1 d3 61. Rc1 Kb4 0-1

[Event "Acropolis 2007"]
[Site "Athens"]
[Date "2007.08.20"]
[Round "7.32"]
[White "Pavlidis, Antonios"]
[Black "Stiri, Alexandra"]
[Result "0-1"]
[WhiteElo "2175"]
[BlackElo "2251"]
[Annotator "Michailidis Anastasios"]
[PlyCount "116"]
[EventDate "2007.08.14"]
[Source "Greek Chess Fed"]

1. e4 c5 2. Nf3 d6 3. d4 cxd4 4. Nxd4 Nf6 5. Nc3 a6 6. Bg5 e6 7. f4 Qb6 8. Qd2
Nc6 9. O-O-O Qxd4 10. Qxd4 Nxd4 11. Rxd4 Bd7 12. e5 h6 13. Bxf6 gxf6 14. exd6
Bc6 15. Be2 O-O-O 16. Rhd1 e5 17. R4d3 Bxg2 18. Bh5 Kb8 19. f5 Bc6 20. Bxf7 h5
21. Ne2 Be4 22. Rb3 Bxf5 23. Ng3 Bg4 24. Rf1 Rxd6 25. Ne4 Rd7 26. Bc4 Rd4 27.
Bd3 f5 28. Nc3 Bh6+ 29. Kb1 e4 30. Bxa6 Rh7 31. Be2 f4 32. a4 f3 33. Bd1 Bh3
34. Rg1 Rg7 35. Rxg7 Bxg7 36. a5 f2 37. Be2 f1=Q+ 38. Bxf1 Bxf1 39. Rb6 Bc4 40.
a6 Bxa6 41. Re6 Rd2 42. Re8+ Ka7 43. Nxe4 Rxh2 44. Nd6 Kb6 45. Nf5 Rh1+ 46. Ka2
Bc4+ 47. Ka3 Bf7 48. Rd8 Ra1+ 49. Kb4 Bxb2 50. Rd6+ Kc7 51. Rh6 Kd8 52. Rd6+
Ke8 53. Rb6 Be5 54. Kc5 Rc1 55. Nd6+ Bxd6+ 56. Kxd6 Rd1+ 57. Ke5 Bd5 58. c4 Bc6
0-1

[Event "Acropolis 2007"]
[Site "Athens"]
[Date "2007.08.20"]
[Round "7.33"]
[White "Kotrotsos, Vasilios"]
[Black "Sorokina, Anastasia"]
[Result "1-0"]
[WhiteElo "2337"]
[BlackElo "2208"]
[Annotator "Michailidis Anastasios"]
[PlyCount "97"]
[EventDate "2007.08.14"]
[Source "Greek Chess Fed"]

1. e4 c5 2. Nf3 e6 3. c4 Nc6 4. Nc3 a6 5. Be2 Nd4 6. O-O Ne7 7. d3 Nec6 8. Nxd4
cxd4 9. Nb1 g6 10. f4 d6 11. Nd2 Bg7 12. a3 a5 13. b3 O-O 14. Rb1 f5 15. b4
axb4 16. axb4 b6 17. b5 Nb8 18. Bf3 Ra7 19. Bb2 e5 20. exf5 gxf5 21. Bd5+ Kh8
22. Nf3 Bb7 23. Ng5 Bxd5 24. cxd5 Qe8 25. Ne6 Rf6 26. Ra1 Rb7 27. Qa4 Nd7 28.
Ba3 Qb8 29. Rfc1 Nc5 30. Bxc5 dxc5 31. fxe5 Rg6 32. Nxg7 Qxe5 33. Re1 Qxd5 34.
Qa8+ Kxg7 35. Re7+ Kh6 36. Qxb7 Rxg2+ 37. Kh1 Qxb7 38. Rxb7 Rd2 39. Rxb6+ Kg5
40. Rc6 Kg4 41. Rg1+ Kf3 42. Rxc5 f4 43. Rf1+ Kg4 44. b6 Rb2 45. Rc6 h5 46. Rf6
Kh3 47. Rf3+ Kg4 48. R6xf4+ Kg5 49. h4+ 1-0

[Event "Acropolis 2007"]
[Site "Athens"]
[Date "2007.08.20"]
[Round "7.34"]
[White "Dounis, Alexandros"]
[Black "Petritaj, Fotjon"]
[Result "1-0"]
[WhiteElo "2190"]
[BlackElo "2250"]
[Annotator "Michailidis Anastasios"]
[PlyCount "131"]
[EventDate "2007.08.14"]
[Source "Greek Chess Fed"]

1. e4 e5 2. f4 d5 3. exd5 e4 4. d3 Qxd5 5. Nc3 Bb4 6. Bd2 Qe6 7. dxe4 Bxc3 8.
Bxc3 Qxe4+ 9. Qe2 Qxe2+ 10. Bxe2 f6 11. O-O-O Nc6 12. Nf3 Bd7 13. Nd4 Nge7 14.
Bh5+ g6 15. Bf3 Rf8 16. Nxc6 Bxc6 17. Bxc6+ Nxc6 18. Rhe1+ Kf7 19. Rd7+ Kg8 20.
Rxc7 Rf7 21. Rxf7 Kxf7 22. a4 h5 23. b4 Rc8 24. Kb2 Ne7 25. Kb3 a6 26. a5 Nf5
27. Rc1 Ke6 28. Bb2 g5 29. Re1+ Kd7 30. fxg5 fxg5 31. Re5 Rf8 32. c4 g4 33. b5
h4 34. Re4 Rg8 35. Kb4 axb5 36. cxb5 Nd6 37. Rd4 Rg5 38. Ka4 Kc7 39. Bc1 Rxb5
40. Bf4 Rb2 41. Bxd6+ Kc6 42. Be7 Rxg2 43. Bxh4 Ra2+ 44. Kb3 Rxh2 45. Rxg4 Kb5
46. Bd8 Rh3+ 47. Kc2 Rf3 48. Rg7 Ka6 49. Rg6+ Ka7 50. Bg5 Rf8 51. Be3+ Ka8 52.
Kb3 Re8 53. Bd4 Rd8 54. Kc4 Re8 55. Kb5 Rc8 56. Rg7 Re8 57. Bc5 Rc8 58. Bd6 Rd8
59. Bg3 Rc8 60. Bc7 Re8 61. Rd7 Ka7 62. Bd6 Ka8 63. Kb6 Rc8 64. Bc7 Re8 65. a6
bxa6 66. Bd6 1-0

[Event "Acropolis 2007"]
[Site "Athens"]
[Date "2007.08.20"]
[Round "7.35"]
[White "Sioris, Georgios"]
[Black "Karlovich, Anastazia"]
[Result "1/2-1/2"]
[WhiteElo "2229"]
[BlackElo "2207"]
[Annotator "Michailidis Anastasios"]
[PlyCount "40"]
[EventDate "2007.08.14"]
[Source "Greek Chess Fed"]

1. e4 e5 2. Nf3 Nc6 3. Bb5 a6 4. Ba4 d6 5. c3 Bd7 6. O-O Nge7 7. d4 Ng6 8. d5
Nb8 9. c4 Be7 10. Nc3 O-O 11. Bc2 h6 12. Rb1 Bg5 13. b4 Bxc1 14. Rxc1 a5 15. a3
Nf4 16. Ne2 g5 17. Ng3 Qf6 18. Nf5 axb4 19. axb4 Ra2 20. Nd2 Na6 1/2-1/2